000 00617nam a2200181Ia 4500
008 100921s9999 xx 000 0 und d
082 _b10339
_a891.463 थ 67
100 _aआपटे हरी नारायण.
245 _aयशवंतराव खरे.
260 _bआर्यभूषण छापखाना,पुणे.
_c1967
300 _a326
_b---
365 _b7.25
520 _aललित-कादंबरी.
630 _aयशवंतराव खरे.
650 _aललित-कादंबरी.
730 _aयशवंतराव खरे.
942 _cBOOK
999 _c759452
_d759449